| 000 | 00935cam a2200253 a 4500 | ||
|---|---|---|---|
| 001 | sa 63000739 | ||
| 003 | DLC | ||
| 005 | 20260227111923.0 | ||
| 008 | 890710s1962 ii b 001 1 gujo | ||
| 010 | _asa 63000739 | ||
| 035 | _a(OCoLC)19987532 | ||
| 040 |
_aDLC _cDLC |
||
| 050 | 0 | 0 |
_aPK1855 _b.S24 1962 |
| 245 | 0 | 0 |
_aSāhityamīmāṃsā / _csampādakā, Vishṇuprasāda Ra. Trivedī, Jīvanalāla Trī. Parīkha. |
| 260 |
_aSūrata : _bCūnīlāla Gāndhī Vidyābhavana : _bSārvajanika Ecyukeśana Sosāyaṭī, _c1962. |
||
| 300 |
_a2, 31, 448 p. ; _c19 cm. |
||
| 490 | 1 |
_aCūnīlāla Gāndhī Vidyābhavana prakāśana ; _v10 |
|
| 546 | _aIn Gujarati. | ||
| 504 | _aIncludes bibliographical references and index. | ||
| 650 | 0 | _aGujarati literature. | |
| 700 | 1 |
_aTrivedī, Vishṇuprasāda Ra., _d1899- |
|
| 700 | 1 |
_aParikh, J. T. _q(Jivanlal Trikamlal) |
|
| 830 | 0 |
_aShri Chunilal Gandhi Vidyabhavan studies ; _vno. 10. |
|
| 999 |
_c53599 _d53599 |
||